000 00715nam a2200289Ia 4500
005 20260324131114.0
008 008 260324s9999 xx 000 0 eng d
020 _a9780203956335
037 _aEBOOK
040 _aCRL
040 _beng
040 _cCRL
041 _2eng
041 _aeng
084 _qCRL
100 _aRobert L. Smith; R. Esteban Montilla
_91184237
245 0 _aCounseling and Family Therapy with Latino Populations
245 0 _bStrategies that Work
260 _bTaylor and Francis
260 _c2006
365 _a
365 _b265
856 _uhttp://www.taylorfrancis.com/books/9780203956335
942 _cEBOOK
999 _c1781107
_d1781107